000 00347nam a2200145Ia 4500
008 230312s9999||||xx |||||||||||||| ||und||
020 _a1305656318
082 _a004
_bMOR-U
100 _aRyan,William
245 0 _aGraphic communications today
260 _bCengage
_aChina
_c2017
300 _a565
650 _aComputer
_vComputer
942 _cBK
999 _c17890
_d17890